00643nam a2200217Ia 4500003000900000008004100009040001300050040001300063041000900076100001800085245004400103250000900147260001500156260000900171300001100180300001000191490000600201942000700207999001700214952019400231IT-RoPAU120407s9999 xx 000 0 und d aIT-RoPAU cIT-RoPAU alat  aCharles Boyer aSynopsis praelectionum de SS. Trinitate aRoma aGregoriana c1943 a231 p. c23 cm v1 cBK c29665d29665 00102ddc406231_30000000000000071aPAULUSbPAULUSd2012-04-11l0o231.3r2012-04-11 00:00:00w2012-04-11yBKzInserito da: Jole In data: 22 luglio 2011 fondo: Via A.Severo 56 Progr:34372